มุมมองปกติ
มุมมองแบบ MARC
- ประเทศตะวันตก
รายการ Geographic Name
001 - CONTROL NUMBER
- control field: 53361
003 - CONTROL NUMBER IDENTIFIER
- control field: NALT
005 - DATE AND TIME OF LATEST TRANSACTION
- control field: 20210611075837.0
008 - FIXED-LENGTH DATA ELEMENTS
- fixed length control field: 210611|| aca||aabn | a|a d
040 ## - CATALOGING SOURCE
- Original cataloging agency: NALT
151 ## - HEADING--GEOGRAPHIC NAME
- Geographic name: ประเทศตะวันตก
- General subdivision: ประวัติศาสตร์,
- Chronological subdivision: คริสต์ศตวรรษที่ 15-19
